|
|
|
|
| LEADER |
01362nam a2200277 a 4500 |
| 001 |
12087037 |
| 008 |
091006r20062000nyu 000 1 eng d |
| 010 |
|
|
|a 00058186
|
| 020 |
|
|
|a 0060931418
|
| 020 |
|
|
|a 9780060838676
|
| 040 |
|
|
|a DLC
|c DLC
|d DLC
|
| 082 |
0 |
0 |
|a 813/.52
|2 21
|
| 999 |
|
|
|c 4258
|d 4258
|
| 999 |
|
|
|c 4258
|
| 100 |
1 |
|
|a Hurston, Zora Neale.
|9 5709
|
| 245 |
1 |
0 |
|a Their eyes were watching God /
|c Zora Neale Hurston ; with a foreword by Edwidge Danticat.
|
| 260 |
|
|
|a New York :
|b HarperCollins ;
|b Perennial Classics,
|c 2000 [Reprinted 2006]
|
| 300 |
|
|
|a xviii, 219 p. ;
|c 21 cm
|
| 504 |
|
|
|a Includes Bibliography (p.[207]-210)
|
| 541 |
1 |
|
|e 00019301, 28459
|
| 650 |
|
0 |
|a African American women
|v Fiction.
|9 5710
|
| 655 |
|
7 |
|a Psychological fiction.
|2 lcsh
|9 5686
|
| 852 |
4 |
|
|a Ayesha Abed Library
|j General shelf
|
| 942 |
|
|
|2 ddc
|c BK
|
| 952 |
|
|
|0 0
|1 0
|2 ddc
|4 1
|6 813_520000000000000_HUR
|7 0
|9 3927
|a ENH
|b ENH
|d 2009-10-05
|e Karim Interantional
|l 1
|o 813.52 HUR
|p 3010019301
|r 2014-05-14
|s 2013-02-18
|t 1
|w 2009-10-06
|y BK
|x Departmental-issued damaged books were found in the ENH department for the reason of termites eaten in 2016
|
| 952 |
|
|
|0 0
|1 0
|2 ddc
|4 0
|6 813_520000000000000_HUR
|7 0
|9 43864
|a BRACUL
|b BRACUL
|c GEN
|d 2014-10-19
|e Friends Book Corner
|g 80.00
|l 2
|m 28
|o 813.52 HUR
|p 3010028459
|r 2024-06-12
|s 2024-01-11
|t 2
|w 2014-10-19
|y BK
|x Transferred from BIL to BRACUL on 06/06/22
|